000 00525nam a2200193Ia 4500
005 20250423094705.0
008 250422s9999 xx 000 0 und d
020 _a9780226264219
050 _aHB 501. F75/
100 _aFriedman, Milton
245 0 _aCapitalism and freedom
250 _a40th ed.
260 _aChicago
260 _bUniversity of Chicago Press
260 _c2002
300 _a208 p
650 _a Capitalism. State, The. Liberty. United States--Economic policy.
942 _cBK
999 _c28001
_d28001